Teaching arithmetic to deaf children /

Bibliographic Details
Main Author: O'Neill, Veronica
Format: Book
Language:English
Published: Washington : Alexander Graham Bell Association for the Deaf, inc., [1961]
Series:The Lexington School for the Deaf education series, book 3
Subjects:

MARC

Tag First Indicator Second Indicator Subfields
LEADER 00000cam a2200000 4500
001 in00000055542
005 20151008052244.0
008 750414s1961 dcu b 00000 eng u
010 |a  62001468  
035 |a (OCoLC)01276249 
035 |9 AAH2479AM 
040 |c ZGM  |d TXA  |d UtOrBLW 
049 |a TXAM  |c [361222] 
050 0 0 |a HV2353  |b .L4 no.3 
092 |a 371.912  |b O582t, 1961 
100 1 |a O'Neill, Veronica. 
245 1 0 |a Teaching arithmetic to deaf children /  |c With a foreword by Clarence D. O'Connor. 
264 1 |a Washington :  |b Alexander Graham Bell Association for the Deaf, inc.,  |c [1961] 
300 |a 143 pages :  |b illustrations ;  |c 23 cm. 
336 |a text  |b txt  |2 rdacontent 
337 |a unmediated  |b n  |2 rdamedia 
338 |a volume  |b nc  |2 rdacarrier 
490 0 |a The Lexington School for the Deaf education series, book 3 
504 |a Includes bibliography. 
650 0 |a Deaf  |x Education  |x Arithmetic. 
999 |a MARS 
999 f f |s e8178468-5d41-3918-b0f5-6d9d2e5859f1  |i a6f01b24-d992-337d-ba17-58d5efacf883  |t 0 
952 f f |p ric  |a Texas A&M University  |b Rellis Campus  |c Joint Library Facility  |d Remote Storage  |t 0  |e HV2353 .L4 no.3  |h Library of Congress classification  |i unmediated -- volume  |m A14800846801 
998 f f |a HV2353 .L4 no.3  |t 0  |l Remote Storage